Nouveaux contes excentriques / (Record no. 163610)

MARC details
000 -LEADER
campo de control de longitud fija 00744nam a22002175i 4500
001 - NÚMERO DE CONTROL
campo de control 163610
003 - IDENTIFICADOR DE NÚMERO DE CONTROL
campo de control ES-MaACL
005 - FECHA Y HORA DE LA ÚLTIMA TRANSACCIÓN
campo de control 20230906212757.0
008 - DATOS DE LONGITUD FIJA--INFORMACIÓN GENERAL
campo de control de longitud fija 050719s1859 fr | |||||||| ||fre d
040 ## - FUENTE DE CATALOGACIÓN
Centro catalogador/agencia de origen CAM
Lengua de catalogación spa
Centro/agencia transcriptor CAM
080 ## - NÚMERO DE LA CLASIFICACIÓN DECIMAL UNIVERSAL
Número de la Clasificación Decimal Universal 821.133.1-32"18"
100 1# - ENTRADA PRINCIPAL--NOMBRE DE PERSONA
Nombre de persona Robert, Adrien.
9 (RLIN) 97798
245 10 - MENCIÓN DEL TÍTULO
Título Nouveaux contes excentriques /
Mención de responsabilidad, etc. par Charles Newill (Adrien Robert).
260 ## - PUBLICACIÓN, DISTRIBUCIÓN, ETC.
Lugar de publicación, distribución, etc. Paris :
Nombre del editor, distribuidor, etc. Librairie de L. Hachette,
Fecha de publicación, distribución, etc. 1859 (
Fabricante Typographie de Ch. Lahure)
300 ## - DESCRIPCIÓN FÍSICA
Extensión 300 p. ;
Dimensiones 19 cm.
490 1# - MENCIÓN DE SERIE
Mención de serie Bibliothèque des chemins de fer
598 ## - NOTA LOCAL
Nota local La serie consta en la cub.
830 0# - PUNTO DE ACCESO ADICIONAL DE SERIE-TÍTULO UNIFORME
Título uniforme Bibliothèque des chemins de fer
9 (RLIN) 188440
852 ## - LOCALIZACIÓN
Ubicación ES-MaACL
Número de control de estantería D-1475
Nota libre -- Rust.
-- -- Legado M. de la Fuente
Holdings
Estatus retirado Estado de pérdida Estado de daño No para préstamo Colección Biblioteca de origen Biblioteca actual Ubicación en estantería Fecha de adquisición Fuente de adquisición Total de préstamos Signatura topográfica completa Código de barras Visto por última vez Precio de reemplazo Tipo de ítem Koha
        Libros del s. XIX Biblioteca del Ateneo de Madrid Biblioteca del Ateneo de Madrid Sala Valle Inclán 17/01/2008     D-1475 901171451 23/02/2023 23/02/2023 Libro impreso antiguo